000 00308nam a2200121Ia 4500
008 190415s9999 xx 000 0 und d
082 _aRE.0004
100 _aCentre for Research Planning a
245 0 _aEvaluation of integrated rural development programme.
260 _c0
300 _a121p.
942 _cBK
999 _c13805
_d13805